TV Dramas in 2 Words Quiz Stats

Quiz Updated Nov 23, 2015

Challenge
Share
Tweet
Embed
Score 0/24 Timer 04:00
0 Plays Today
Clue Series % Correct
Attractive LifeguardsBaywatch
90.5%
Albuquerque MethBreaking Bad
86.6%
Final FrontierStar Trek
82.5%
Vegas ForensicsCSI: Crime Scene Investigation
82.5%
Vicodin DocHouse, M.D.
80.3%
Texas FootballFriday Night Lights
78.9%
Teenage KryptoniteSmallville
74.7%
Wisteria WomenDesperate Housewives
74.4%
Green RageThe Incredible Hulk
74%
Blood SpatterDexter
71.2%
General LeeThe Dukes of Hazzard
62.9%
Bartlet AdministrationThe West Wing
61.8%
Clue Series % Correct
Witchy SistersCharmed
61.6%
Family MorgueSix Feet Under
60.7%
Southfork RanchDallas
58.4%
Jersey WhackersThe Sopranos
52.4%
White WalkersGame of Thrones
51.1%
Kemo SabeThe Lone Ranger
50.4%
Rebuild HimSix Million Dollar Man
49.2%
Another DimensionThe Twilight Zone
47.4%
Peach PitBeverly Hills, 90210
39.7%
Hand WipesMonk
35%
Cabot CoveMurder, She Wrote
33.3%
Silent Clock24
29.4%

You're not logged in!

Compare scores with friends on all Sporcle quizzes.
Sign Up with Email
OR
Log In

You Might Also Like...

Show Comments

Extras

Top Quizzes Today


Score Distribution

Your Account Isn't Verified!

In order to create a playlist on Sporcle, you need to verify the email address you used during registration. Go to your Sporcle Settings to finish the process.